| 000 | 03537nam a2200493 4500 | ||
|---|---|---|---|
| 999 |
_c6587 _d6587 |
||
| 008 | 240228b ||||| |||| 00| 0 spa d | ||
| 022 | _a9789873016776 | ||
| 245 | 1 | 0 |
_aRevista de Derechos de daños : _bviolencia de género y familiar / _cJorge Mosset Iturraspe ; Ricardo Luis Lorenzetti directores. |
| 260 |
_aBuenos Aires : _bRubinzal Culzoni, _c2024. |
||
| 300 |
_a604 p. _c22 cm. |
||
| 310 | _acuatrimestral | ||
| 362 | _aNo. 2 (2024) | ||
| 505 |
_tResponsabilidad por daños derivados de la violencia de género y doméstica / _rGraciela Medina. |
||
| 505 |
_t¿Cuál es el tribunal competente para entender en la acción de daños derivados de la violencia? / _rJulio Luis Gómez. |
||
| 505 |
_tViolencia contra las mujeres con discapacidad / _rJuan Pablo Olmo y María Belén Angella. |
||
| 505 |
_tDaños y perjuicios derivados de situaciones de violencia de género en su modalidad familiar económica / _rDiego Oscar Ortiz. |
||
| 505 |
_tLos límites del secreto profesional frente a la obligación de denunciar hechos de violencia de género / _rIgnacio González MagañA. |
||
| 505 |
_tReflexiones sobre la reparación de daños producidos por violencia de género en la jurisprudencia de la corte idh / _rGabriela Yuba. |
||
| 505 |
_tViolencia psicológica y daños en el matrimonio / _r Eduardo Guillermo Roveda. |
||
| 505 |
_tResponsabilidad del estado por omisión en violencia de género / _rPedro Aberastury. |
||
| 505 |
_tLa función preventiva de la responsabilidad civil en materia de violencia familiar y de género / _raura Evangelina Fillia. |
||
| 505 |
_tDaños indemnizables y prescripción en víctimas de violencia de género / _rKarina A. Bigliardi. |
||
| 505 |
_tIncumplimiento de la obligación alimentaria de niños, niñas y adolescentes como forma de violencia. medidas eficaces para prevenirlo y evitarlo / _r María Fontemachi. |
||
| 505 |
_tDaños en la violencia obstétrica: presupuestos y actualidad jurisprudencial argentina / _rMercedes Ales Uría. |
||
| 505 |
_tViolencia y discriminación estructural - aportes en torno a los desafíos y estrategias para el acceso a la justicia de las víctimas de violencia contra la mujer / _rMaría Sofía Sagüés. |
||
| 505 |
_tViolencia de género y daños - jurisprudencia nacional / _rPatricia Bibiana Barbado. |
||
| 505 |
_tViolencia de género y familiar - provincia de buenos aires / _rGraciela Medina y Carlos García Santas. |
||
| 505 |
_tViolencia doméstica y de género - provincia de córdoba / _rFernando Márquez, Jimena Márquez y Lucía López Coquet. |
||
| 505 |
_tProvincia de Santa Fe / _rJulia Elena Gandolla y Esteban G. Masino. |
||
| 505 |
_tDaños en contexto de violencia de género Provincia de Mendoza / _rNicolás Sosa Baccarelli. |
||
| 505 |
_tViolencia de género y familia - Provincia de Entre Ríos / _rEnrique Máximo Pita y Valentina Ramírez Amable. |
||
| 505 |
_tProvincia de Corrientes / _r Héctor Rodrigo Orrantía y Mariela Viviana Biancucc. |
||
| 505 |
_tViolencia de género y daños - Provincia del Neuquén / _r Marcelo D. Iñiguez, María Alicia Varni y Martín Varni. |
||
| 650 | 0 |
_93053 _aVIOLENCIA DE GÉNERO |
|
| 650 | 0 |
_95360 _aVIOLENCIA ECONÓMICA |
|
| 650 | 0 |
_93331 _aDAÑO |
|
| 650 | 0 |
_91215 _aRESPONSABILIDAD DEL ESTADO |
|
| 650 | 0 |
_94044 _aPERSPECTIVA DE GÉNERO |
|
| 650 | 0 |
_95034 _aVIOLENCIA OBSTÉTRICA |
|
| 650 | 0 |
_91134 _aVIOLENCIA FAMILIAR |
|
| 700 |
_9528 _aMosset Iturraspe, Jorge _edirector |
||
| 700 |
_9529 _aLorenzetti, Ricardo Luis _edirector |
||
| 942 |
_2udc _cPP |
||